Statistics for GZA Discograpy

Click here to take the quiz!

General Stats

  • This quiz has been taken 9 times
  • The average score is 5 of 6

Answer Stats

YearNameType% Correct
1995Liquid SwordsAlbum
100%
1999Beneath the SurfaceAlbum
89%
2002Legend of the Liquid SwordAlbum
78%
2008Pro ToolsAlbum
78%
1991Words from the GeniusAlbum
78%
2005GrandmastersCollaborative Album
56%

Score Distribution

Percentile by Number Answered

Percent of People with Each Score

Your Score History

You have not taken this quiz